Lista zdobywców podium w Formule 1 - Statystyki

Ogólne statystyki
  • Ten quiz został rozwiązany 215 razy
  • Średni wynik to 17 z 25
Statystyki odpowiedzi
Miejsce Narodowość Aktywność Liczba podiów Nazwisko kierowcy % Poprawnych
1. Wielka Brytania 2007- 165 Lewis Hamilton
100%
3. Niemcy 2007- 120 Sebastian Vettel
99%
2. Niemcy 1991-2006 2010-2012 155 Michael Schumacher
98%
6. Hiszpania 2001 2003–2018 2021- 97 Fernando Alonso
97%
7. Brazylia 1984–1994 81 Aytron Senna
93%
5. Finlandia 2001–2009 2012– 103 Kimi Raikkonen
93%
12. Niemcy 2006–2016 57 Nico Rosberg
91%
23. Holandia 2015- 39 Max Verstappen
88%
4. Francja 1980–1991 1993 106 Alain Prost
87%
13. Finlandia 2013- 56 Valtteri Bottas
86%
16. Wielka Brytania 2000–2016 50 Jenson Button
83%
14. Austria 1971–1979 1982–1985 54 Niki Lauda
81%
22. Brazylia 2002 2004–2017 41 Felipe Massa
77%
15. Finlandia 1991–2001 51 Mika Hakkinen
72%
8. Brazylia 1993–2011 68 Rubens Barrichello
62%
21. Australia 2002-2013 42 Mark Weber
58%
10. Brazylia 1978–1991 60 Nelson Piquet
56%
9. Wielka Brytania (Szkocja) 1994–2008 62 David Coulthard
53%
20. Wielka Brytania 1992–1999 42 Damon Hill
48%
11. Wielka Brytania 1980–1992 1994–1995 59 Nigel Mansell
48%
25. Wielka Brytania 1958–1975 36 Graham Hill
47%
19. Wielka Brytania (Szkocja) 1965–1973 43 Jackie Stewart
41%
17. Austria 1984–1997 48 Gerhard Berger
22%
24. Włochy 1977–1993 37 Riccardo Patrese
14%
18. Argentyna 1972–1982 45 Carlos Reutemann
12%
Nie znaleziono quizów pasujących do podanych kryteriów
Rozkład punktacji
Procent ludzi z każdym wynikiem
Percentyl według liczby udzielonych odpowiedzi
Twoja historia wyników
Nie rozwiązałeś tego quizu